000 00387nam a2200157Ia 4500
008 230917s9999||||xx |||||||||||||| ||und||
040 _e99336
_aMAIN
041 _aEnglish
082 _a355.00954 B469I
100 _aBhupinder Singh
245 0 _aIndia's security environments
250 _a2nd ed.
260 _aPatiala
_bBC Publishers
_c1993
300 _aviii, 336 p.
942 _cBK
999 _c78692
_d78692